000
00319nam a2200109Ia 4500
008
201231s9999 xx 000 0 und d
100
_a
Fisher, William F. (Ed.)
245
0
_a
Toward Sustainable Development : Struggling Over India's Narmada River
260
_a
New Delhi
_b
Rawat Publications
300
_a
481
942
_c
BK
999
_c
9418
_d
9418